Prescott Microbiology / (Record no. 15703)
[ view plain ]
| 000 -LEADER | |
|---|---|
| fixed length control field | 00479cam a2200181ua 4500 |
| 003 - CONTROL NUMBER IDENTIFIER | |
| control field | OSt |
| 008 - FIXED-LENGTH DATA ELEMENTS--GENERAL INFORMATION | |
| fixed length control field | 190603b ||||| |||| 00| 0 eng d |
| 020 ## - INTERNATIONAL STANDARD BOOK NUMBER | |
| ISBN | 9789814581561 |
| 082 ## - DEWEY DECIMAL CLASSIFICATION NUMBER | |
| Classification number | 576 |
| Item number | WIL/MI |
| 100 ## - MAIN ENTRY--AUTHOR NAME | |
| Personal name | Willey, Jaonne M . |
| 245 ## - TITLE STATEMENT | |
| Title | Prescott Microbiology / |
| 250 ## - EDITION STATEMENT | |
| Edition statement | 9th ed. |
| 260 ## - PUBLICATION, DISTRIBUTION, ETC. (IMPRINT) | |
| Place of publication | New York : |
| Name of publisher | Mc Graw hill , |
| Year of publication | 2014. |
| 300 ## - PHYSICAL DESCRIPTION | |
| Number of Pages | 1014 p. |
| 700 1# - ADDED ENTRY--PERSONAL NAME | |
| Personal name | Sherwood, Linda M . |
| 700 1# - ADDED ENTRY--PERSONAL NAME | |
| Personal name | Woolverton, Christopher J . |
| 942 ## - ADDED ENTRY ELEMENTS (KOHA) | |
| Koha item type | Book Bank scheme for SC students |
| Withdrawn status | Lost status | Damaged status | Collection code | Home library | Current library | Shelving location | Date acquired | Full call number | Accession Number | Koha item type |
|---|---|---|---|---|---|---|---|---|---|---|
| Non-fiction | KAUAET | KAUAET | Scheme | 03/06/2019 | 576 WIL/MI | BB 509 | Book Bank scheme for SC students | |||
| Non-fiction | KAUAET | KAUAET | Scheme | 03/06/2019 | 576 WIL/MI | BB 510 | Book Bank scheme for SC students |
